| 000 | 00551nam a2200145Ia 4500 | ||
|---|---|---|---|
| 008 | 170221s9999 xx 000 0 und d | ||
| 100 | _aMarina Viktorovna Shakurova | ||
| 245 | _aOrdinary Representations as the Basis for Shaping Future Educators’ Scientific-pedagogic Knowledge about Personal Identity | ||
| 245 | _cMarina Viktorovna Shakurova | ||
| 260 | _bInternational Review of Management and Marketing | ||
| 260 | _cJune 2013 | ||
| 300 | _a5:1 | ||
| 650 | _xMarketing. | ||
| 856 | _uhttp://www.econjournals.com/index.php/irmm/issue/view/75 | ||
| 999 |
_c310291 _d310291 |
||